LEADER 01239nam a2200277 4500 001 000000353500 003 CaOOAMICUS 005 20230503154757.0 008 230417s2022 it 000 u ita r 020 $a978-88-575-8647-2 040 $aSeMil$bita 100 1 $aJousse, Marcel,$d<1886-1961>.$0(OLS)http://semarc/name/35508 240 12$aL'anthropologie du geste.$0(OLS)http://semarc/title/443557 245 12$aL'antropologia del gesto / $cMarcel Jousse ; a cura di Antonello Colimberti. 264 1$aMilano ;$aUdine :$bMimesis,$c2022. 300 $a426 p. ;$c21 cm 490 1 $aMimesis. Kaliki, i viandanti ciechi ;$v2 650 4$aAntropologia culturale.$0(OLS)http://semarc/subject/2863 700 1 $aColimberti, Antonello.$0(OLS)http://semarc/name/117451 830 0$aMimesis. Kaliki, i viandanti ciechi ;$v2.$0(OLS)http://semarc/title/443559 850 $aSeMil 852 $aSeMil$W1$xVenegono$y1$m2R II 485$j239886$B244850$CSeMilBibl$Z2$F244850 $81 996 $6020$a978-88-575-8647-2$9(OLS)http://semarc/number/297989 996 $6245$aL'antropologia del gesto / $9(OLS)http://semarc/title/443558 996 $6264$aMilano ;$aUdine :$bMimesis$9(OLS)http://semarc/publisher/39598 LEADER 01297nam a2200265 i 4500 001 000000036839 003 CaOOAMICUS 005 20070510000000.0 008 070510s1981 it u000 u ita u 013 $a6698 040 $aSeMil$bita 245 10$aInchiesta sulla Ventisettana :$bun problema manzoniano /$ca c. di Claudio Toscani ; con un'ipotesi sulle teorie linguistiche del Manzoni di Guido Bezzola e con Bibliografia a c. di Umberto Colombo. 260 $aBrunello (VA) :$bOtto/Novecento,$ccopyr. 1981. 300 $a160 p. ;$c21 cm. 500 $aContiene : Bibliografia. 600 14$aManzoni, Alessandro <1785-1873>.$0(OLS)http://semarc/subject/1531 650 4$aLetteratura italiana - Sec. 19.$0(OLS)http://semarc/subject/7216 700 1 $aToscani, Claudio.$0(OLS)http://semarc/name/17478 700 1 $aBezzola, Guido,$d<1919-2016>.$0(OLS)http://semarc/name/1214 700 1 $aColombo, Umberto,$c.$0(OLS)http://semarc/name/15585 850 $aSeMil 852 $aSeMil$W1$xVenegono$y1$m1D II 21$j2994$B2994$CSeMilBibl$Z2$F2994 $81 961 $aOmaggio: Donazione 996 $6245$aInchiesta sulla Ventisettana :$bun problema manzoniano$9(OLS)http://semarc/title/51263 996 $6260$aBrunello (VA) :$bOtto/Novecento$9(OLS)http://semarc/publisher/31048